000 01018nam a22001937a 4500
005 20260127131641.0
006 a|||||r|||||||||||
008 s2011 caua 000 0 eng d
020 _a9780141192604
040 _aGR-AtMCL
_beng
_dGR-AtMCL
100 _aKawabata, Yasunari
_910299
245 0 2 _aA thousand cranes /
_cYasunari Kawabata
264 1 _aLondon :
_bPenguin,
_c2011.
300 _a101 p. ;
_c19 cm
520 _aKikuji has been invited to a tea ceremony by a mistress of his dead father. He is shocked to find there the mistress's rival and successor, Mrs. Ota, and that the ceremony has been awkwardly arranged for him to meet his potential future bride. But he is most shocked to be drawn into a relationship with Mrs. Ota - a relationship that will bring only suffering and destruction to all of them. Thousand Cranes reflects the tea ceremony's poetic precision with understated, lyrical style and beautiful prose.
653 _aΛογοτεχνία
942 _cBK
999 _c10084
_d10084